|
|
|
|
| LEADER |
00000cam a2200000 a 4500 |
| 001 |
vtls001295144 |
| 003 |
SK-MaSNL |
| 005 |
20260301155527.0 |
| 008 |
240226s1740 xo lat |
| 015 |
|
|
|a SNBHFA
|
| 035 |
|
|
|a SNK000246954
|
| 035 |
|
|
|a urn:nbn:sk:snk-am3ivxr
|
| 035 |
|
|
|a C641F1F0-E3FD-4503-ABD8-632F3A26B683
|
| 035 |
|
|
|a urn:nbn:sk:snk-am00g6gu
|
| 040 |
|
|
|a SNK
|b slo
|c SNK
|e AACR2
|
| 041 |
0 |
|
|a lat
|
| 043 |
|
|
|a a-tu---
|
| 044 |
|
|
|a xo
|c SK
|
| 072 |
|
7 |
|a 93/94
|x Dejiny (všeobecne)
|2 konspekt
|
| 072 |
|
7 |
|a 355/359
|x Vojenstvo. Obrana krajiny. Ozbrojené sily
|2 konspekt
|
| 080 |
|
|
|a 93/94
|2 2011
|
| 080 |
|
|
|a (38+392)
|2 2011
|
| 080 |
|
|
|a 355.483(560)"1453"
|2 2001
|
| 080 |
|
|
|a (560.118)
|2 2011
|
| 100 |
1 |
|
|a Schmitth, Miklós
|d 1707-1767
|4 aut
|9 289800
|
| 245 |
1 |
0 |
|a Imperatores Ottomanici
|b A Capta constantinopoli, cum epitome Principum Turcarum
|n Tomus Primus
|c A P. Nicolao Schnitth, E Societate Jesu Concinnati.
|
| 260 |
|
|
|a Tyrnaviae
|b Typis Academicis Societatis Jesu
|c Anno MDCCLX. [=1760]
|
| 300 |
|
|
|a [10], 304, [26] s.
|c 4°
|
| 500 |
|
|
|a Tlač na titulnej strane červeno-čierna, vineta, iniciály, nedirytiny, vinety, živé záhlavie, zložky, kustody
|
| 501 |
|
|
|a Príväzok 1.: SCHMITTH, Miklós. Imperatores Ottomanici A Capta Constantinopoli... . Tomus Secundus. Tyrnaviae: Typis Academicis Societatis Jesu, MDCCLXI. [=1761].
|5 SNK SB 174/1-2
|
| 510 |
4 |
|
|a Bibliografia 18. storočia
|c 8760
|
| 561 |
|
|
|a Rukopisný provenienčný záznam na prednej podsádke Dedikacii Museo nostro Augustinus Dvorsky Magister Pharmaciae Turzovka Anno 1920.
|5 SNK SB 174/1-2
|
| 561 |
|
|
|a Rukopisný provenienčný záznam na prednej podsádke: .. Libris Pauli Po... 1889.
|5 SNK SB 174/1-2
|
| 561 |
|
|
|a Na titulnom liste rozmazaná okrúhla pečiatka pravdepodobne: Museálna slovenská spoločnosť.
|5 SNK SB 174/1-2
|
| 561 |
|
|
|a Na titulnom liste rukopisný provenienčný záznam: Georgius Riehvaldszky C.S.? Benedicto d. 1770.
|5 SNK SB 174/1 D1
|
| 650 |
0 |
7 |
|a dejiny
|2 SNKPH
|9 3825
|
| 651 |
|
7 |
|a Byzantská ríša
|2 SNKPH
|9 74153
|
| 651 |
|
7 |
|a Konštantínopol
|2 SNK
|9 519881
|
| 710 |
2 |
|
|a Akademická tlačiareň (Trnava, Slovensko)
|4 prt
|9 232890
|
| 752 |
|
|
|a Slovensko
|d Trnava
|
| 852 |
|
|
|a snk
|p SB 174
|
| 958 |
|
|
|a ONDV
|
| 958 |
|
|
|a DD
|
| 999 |
|
|
|c 801367
|d 803297
|
| 952 |
|
|
|a SNK
|b SNK
|y PREZ
|7 0
|p 17A0709668
|o snkSB 174/1-2
|i snk4373/28
|3 rekatalogizácia
|0 0
|1 0
|4 0
|d 2011-09-27
|f 1
|l 0
|r 2026-02-24 02:08:10
|w 2026-02-24
|
| 952 |
|
|
|a SNK
|b SNK
|y PREZ
|7 0
|p 17A0082709
|o snkSB 174/1 D1
|i snkKSF 1662/56
|0 0
|1 0
|4 0
|d 1997-07-18
|l 0
|r 2005-01-02 00:00:00
|w 2026-02-24
|
| 952 |
|
|
|a SNK
|b SNK
|y PREZ
|7 0
|p 17A0082064
|o snkSB 174/3 D3
|i snkK 1089/68
|0 0
|1 0
|4 0
|d 1997-07-18
|l 0
|r 2005-01-02 00:00:00
|w 2026-02-24
|
| 952 |
|
|
|a SNK
|b SNK
|y PREZ
|7 0
|p 17A0082939
|o snkSB 174/1 D4
|i snkF 2779/82
|0 0
|1 0
|4 0
|d 1997-07-18
|l 0
|r 2005-01-02 00:00:00
|w 2026-02-24
|
| 952 |
|
|
|a SNK
|b SNK
|y PREZ
|7 0
|p 17A0082731
|o snkSB 174/1 D5
|i snkF 2863/82
|0 0
|1 0
|4 0
|d 1997-07-18
|l 0
|r 2005-01-02 00:00:00
|w 2026-02-24
|